| 000 | 00378nam a22001577a 4500 | ||
|---|---|---|---|
| 003 | LK-CoDNM | ||
| 005 | 20240815105409.0 | ||
| 008 | 240815b |||||||| |||| 00| 0 eng d | ||
| 040 |
_aLK-CoDNM _dLK-CoDNM _eLK-CoDNM |
||
| 080 |
_a9 _bJ27 |
||
| 100 | _aLoventhall,E | ||
| 245 | _aThe coins of Tinnevelly | ||
| 260 |
_bmadas _c1888 |
||
| 300 | _a23p. : ill ; 23cm | ||
| 942 | _cBK | ||
| 999 |
_c147883 _d147883 |
||